000 00987nam a2200265Ia 4500
003 OSt
005 20221005104416.0
006 a|||||r|||| 00| 0
007 ta
008 221004b |||||||| |||| 00| 0 hin d
020 _a9788126316946 (hbk)
_c120
024 _a105666
037 _b0/00971-D5, 18/03/2011, Bharatiya Gyanpith
_cTextual
040 _aCRL
_cCRL
_bhin
041 _2hin
_ahin
082 _aO152,1N78x, P9
100 _aचौधरी, उमा शंकर
245 0 _aकहते है तक शहंशाह सो रहे थे
246 _aKahate hai tak shahanshāh so rahe the
260 _aदिल्ली
_bभारतीय ज्ञानपीठ भारत
_c2009
300 _a136पृ0
_ccm.
650 _aहिन्दी साहित्य
942 _hO152,1N78x, P9
_cTEXL
_2cc
999 _c1012630
_d1012630